| 000 | 01289nam a2200337Ia 4500 | ||
|---|---|---|---|
| 001 | ebr10252353 | ||
| 003 | CaPaEBR | ||
| 006 | m u | ||
| 007 | cr cn||||||||| | ||
| 008 | 080318s2008 gw a sb 001 0 eng d | ||
| 010 | _z 2008923543 | ||
| 020 | _z3540787968 (alk. paper) | ||
| 020 | _z3540787976 | ||
| 020 | _z9783540787969 (alk. paper) | ||
| 020 | _z9783540787976 | ||
| 040 |
_aCaPaEBR _cCaPaEBR |
||
| 035 | _a(OCoLC)288471642 | ||
| 050 | 1 | 4 |
_aQL973 _b.W66 2008eb |
| 100 | 1 | _aWooding, F. B. P. | |
| 245 | 1 | 0 |
_aComparative placentation _h[electronic resource] : _bstructures, functions, and evolution / _cPeter Wooding, Graham Burton. |
| 260 |
_aBerlin : _bSpringer, _cc2008. |
||
| 300 |
_axi, 301 p. : _bill. |
||
| 504 | _aIncludes bibliographical references (p. 249-291) and index. | ||
| 533 |
_aElectronic reproduction. _bPalo Alto, Calif. : _cebrary, _d2009. _nAvailable via World Wide Web. _nAccess may be limited to ebrary affiliated libraries. |
||
| 650 | 0 | _aPhysiology, Comparative. | |
| 650 | 0 | _aPlacenta. | |
| 655 | 7 |
_aElectronic books. _2local |
|
| 700 | 1 |
_aBurton, Graham _q(Graham J.) |
|
| 710 | 2 | _aebrary, Inc. | |
| 856 | 4 | 0 |
_uhttp://site.ebrary.com/lib/rucke/Doc?id=10252353 _zAn electronic book accessible through the World Wide Web; click to view |
| 999 |
_c13646 _d13646 |
||